000 00431nam a2200157 i 4500
001 63347
003 ES-MaACL
005 20230906164833.0
007 t|
008 031209s1970 sp ||||1| spa d
100 1 _aFerrater Mora, José.
_950338
245 1 0 _aIndagaciones sobre el lenguaje /
_cJosé Ferrater Mora.
260 _aMadrid :
_bAlianza,
_c[1970]
300 _a225 p. ;
_c18 cm.
852 _aES-MaACL
_jC-40567
_bR.73003
999 _c63347
_d63347